000 00535nam a2200229Ia 4500
003 OSt
005 20220918180128.0
006 a|||||r|||| 00| 0
007 ta
008 220917b |||||||| |||| 00| 0 eng d
024 _a20,743
037 _cTextual
040 _aARTS
_cARTS
_beng
041 _2eng
_aeng
082 _aO:3M10:15, C5
100 _aGaskell
245 0 _aCranford
260 _c1895
650 _aENGLISH LITERATURE
942 _hO:3M10:15, C5
_cTEXL
_2CC
999 _c160391
_d160391